Top Cities by Categories #1 - Statistics

General Stats
  • This quiz has been taken 91 times
  • The average score is 28 of 40
Answer Stats
Hint City % Correct
Most Populated Tokyo
99%
Most Popular in Social Media London
97%
Most Traffic London
97%
Most Skyscrapers New York City
95%
Most Metro Rail Stations New York City
95%
Most Popular in Social Media New York City
95%
Most Gay People New York City
95%
Most Gold Medalist Paris
92%
Most Popular in Social Media Paris
92%
Most Populated Delhi
91%
Most Populated Shanghai
86%
Most Skyscrapers Shanghai
86%
Most Metro Rail Stations Shanghai
86%
Most Gold Medalist Moscow
83%
Most Metro Rail Stations Beijing
81%
Most Gold Medalist Berlin
81%
Most Gay People Berlin
81%
Most Muslims Cairo
81%
Most Populated Jakarta
75%
Most Muslims Jakarta
75%
Most Traffic Mexico City
73%
Most Populated Guangzhou/Shenzhen
71%
Most Metro Rail Stations Guangzhou/Shenzhen
71%
Most Skyscrapers Dubai
70%
Most Popular in Social Media Dubai
70%
Most Muslims Tehran
70%
Most Skyscrapers Hong Kong
69%
Most Popular in Social Media Istanbul
66%
Most Metro Rail Stations Seoul
62%
Most Gay People Amsterdam
58%
Most Muslims Dhaka
58%
Most Gay People San Francisco
58%
Most Muslims Karachi
56%
Most Gay People Toronto
52%
Most Gold Medalist Stockholm
26%
Most Traffic Lima
19%
Most Traffic Dublin
16%
Most Skyscrapers Shenzhen
16%
Most Gold Medalist Budapest
8%
Most Traffic Bucharest
4%
No matching quizzes found
Score Distribution
Percent of People with Each Score
Percentile by Number Answered
Your Score History
You have not taken this quiz